Statistics for NBA Stats

Click here to take the quiz!

General Stats

  • This quiz has been taken 91 times
  • The average score is 5 of 12

Answer Stats

Answer% Correct
steals
97%
rebounds
93%
blocks
92%
points
91%
assists
87%
Points per game
33%
rebounds per game
12%
steals per game
12%
assists per game
10%
blocks per game
10%
three pointers made
5%
three pointers per game
0%

Score Distribution

Percentile by Number Answered

Percent of People with Each Score

Your Score History

You have not taken this quiz